000 00881nam a2200241 a 4500
001 000009124
005 20240412074209.0
008 090928s2001 dr r 000 p spa d
020 _a9993439096
040 _aDO-SdBNP
_bspa
_cBNPHU
082 _aRD861.44
_bC422a
100 1 _aCéspedes, Diógenes,
_d1941-
_920548
245 1 3 _aAl arma contra figuraciones :
_bpoemas /
_cDiógenes Céspedes.
260 _aSanto Domingo :
_bLibrería La Trinitaria,
_c2001.
_fBúho
300 _a81 p. ;
_c22 cm.
500 _aIncluye referencias bibliográficas y notas al pie de las páginas.
500 _aIncluye datos biográficos del autor en la solapa.
590 _aLa biblioteca posee 1 ejemplar autografiado por el autor
590 _aInventariado, 2018/BT
650 0 _aPoesía dominicana
_966
650 0 _aLiteratura dominicana.
_967
910 _aValidado. Control de calidad. MFF
999 _c8888
_d8888